South Eastern Kenya University

Library Online Public Access Catalogue


Electroacoustics. (Record no. 18284)

MARC details
000 -LEADER
fixed length control field 00508nam a22001937a 4500
003 - CONTROL NUMBER IDENTIFIER
control field OSt
005 - DATE AND TIME OF LATEST TRANSACTION
control field 20230313125227.0
008 - FIXED-LENGTH DATA ELEMENTS--GENERAL INFORMATION
fixed length control field 230313b |||||||| |||| 00| 0 eng d
020 ## - INTERNATIONAL STANDARD BOOK NUMBER
International Standard Book Number 9781439836187
040 ## - CATALOGING SOURCE
Original cataloging agency SEKU.
050 ## - LIBRARY OF CONGRESS CALL NUMBER
Classification number TK 5981
Item number .K52 2013.
100 ## - MAIN ENTRY--PERSONAL NAME
Personal name Kleiner, Mendel
245 ## - TITLE STATEMENT
Title Electroacoustics.
260 ## - PUBLICATION, DISTRIBUTION, ETC. (IMPRINT)
Place of publication, distribution, etc. New York:
Name of publisher, distributor, etc. Taylor and Francis Group.
Date of publication, distribution, etc. 2013.
300 ## - PHYSICAL DESCRIPTION
Extent 596p.:,
504 ## - BIBLIOGRAPHY, ETC. NOTE
Bibliography, etc includes bibliographic details and index.
650 ## - SUBJECT ADDED ENTRY--TOPICAL TERM
Geographic subdivision Electro-acoustics
942 ## - ADDED ENTRY ELEMENTS (KOHA)
Source of classification or shelving scheme Library of Congress Classification
Koha item type General circulation
Holdings
Withdrawn status Lost status Source of classification or shelving scheme Damaged status Not for loan Home library Current library Shelving location Date acquired Source of acquisition Total Checkouts Full call number Barcode Date last seen Price effective from Koha item type
    Library of Congress Classification     Main Campus Library Main Campus Library General Stacks 13/03/2023 Purchase   TK 5981 .K52 2013. 2023/025915 13/03/2023 13/03/2023 General circulation
Kitui, Kenya.
+254736116989
library@seku.ac.ke